| 000 | 00619cam a2200169u 4500 | ||
|---|---|---|---|
| 082 |
_a629.2 _bNEW _cL-14, P-25 |
||
| 100 | 1 |
_aNewton, Kenneth. [from old catalog] _944382 |
|
| 245 | 1 | 4 |
_aThe motor vehicle; _ba descriptive text-book for students, draughtsmen and owner-drivers |
| 250 | _a4th ed. | ||
| 260 |
_aLondon, _bPublished for "Automobile engineer" by Iliffe _c[1950] |
||
| 300 |
_a590 p. _billus. _c22 cm. |
||
| 526 |
_a0 _b0 _c0 _d629_200000000000000_NEW |
||
| 650 | 0 |
_aAutomobiles _xDesign and construction. _944383 |
|
| 650 | 0 |
_aMCE _9379 |
|
| 700 | 1 |
_aSteeds, William, [from old catalog] _944384 |
|
| 942 |
_2ddc _cBK |
||
| 999 |
_c548187 _d548187 |
||